01230cam a2200289Ia 4500001002300000003000700023005001700030007000700047008004100054040002800095035002000123090002300143100002000166245007600186250002600262260003800288300002100326500001900347500003000366830001700396856009600413856010100509942000700610506015000617506015400767999001900921rebeccasmotherpa00smitCaSfIA20210118214317.0cr||||001114s1972 nyu 000 1 eng d aNOCcNOCdOCLCQdCaSfIA a(OCoLC)45347474 aHQ471.S84bR4 19721 aSmith, Russell.10aRebecca's mother, Patricia /h[electronic resource] cby Russell Smith. a1st Venus Library ed. a[New York] :bVenus Books,c1972. a192 p. ;c18 cm. a"Venus books." aPublisher's no.: V-1167T. 0aVenus books.41uhttp://www.archive.org/details/rebeccasmotherpa00smitzFree eBook from the Internet Archive42uhttp://www.openlibrary.org/books/OL24274637MzAdditional information and access via Open Library cEB fНеобхідна авторизація на https://archive.org/ (створення облікового запису безкоштовно) fНеобхідна авторизація на https://openlibrary.org/ (створення облікового запису безкоштовно) c542322d542322